000 00512nam a22001697a 4500
999 _c8316
_d8316
008 201112b ||||| |||| 00| 0 eng d
040 _aBMS College of Architecture
100 _aChandana B N
245 _aA step behind for future
300 _aNA
500 _a1BM15AT018
502 _8B,Arch
_NBMS College of Architecture, Visvesvaraya Technological University (VTU)
_aProject report
_d2019
650 _aFuture
700 _aBhagyalaxmi M
_eGuide
700 _aNisha Mary Poulose
_eGuide
942 _2ddc
_cTHE